000 00525nam a2200157 4500
999 _c6860
_d6860
008 170509b xxu||||| |||| 00| 0 eng d
022 _a0119-9000
082 _aDPer 641.505 C77 Jan-June 2013 v.13-14
100 _920760
_aLeyco, Nazarene A.
245 _aF1 hotel, chef Sau, champion pinoy culinary/
_cNazarene A. Leyco.
260 _aPhilippines:
_bUBM Medica,
_c©Jan-June 2013.
300 _av14 n1, pages 72-75:
_billustrations;
_c29 cm.
500 _aCook.
650 0 _920761
_aCooking
_xChef
942 _2ddc
_cPER